[Event "Agen_2017-Accession"]
[Site "Agen"]
[Date "2017.08.25"]
[Round "7.9"]
[White "Midoux, Sebastien"]
[Black "Calistri, Tristan"]
[Result "1/2-1/2"]
[WhiteElo "2321"]
[BlackElo "2293"]
[PlyCount "90"]
[EventDate "2017.08.??"]
[EventType "swiss"]
[EventRounds "9"]
[EventCountry "FRA"]
[WhiteTeam "CE Vitrolles"]
[BlackTeam "La tour de Juvisy"]

1. e4 c5 2. Nf3 e6 3. g3 Nc6 4. Bg2 Nf6 5. Qe2 d6 6. O-O Be7 7. Rd1 O-O 8. c3
d5 9. e5 Nd7 10. d4 a5 11. dxc5 Bxc5 12. c4 Nb6 13. Nc3 Nxc4 14. Ng5 N4xe5 15.
Qc2 Ng6 16. Nxd5 exd5 17. Qxc5 Nge7 18. Be3 Be6 19. Rac1 Rc8 20. Qb5 Qd7 21.
Bb6 Bg4 22. f3 Bf5 23. Ne4 Ne5 24. Qxd7 Nxd7 25. Bc5 Nxc5 26. Nxc5 b6 27. Na4
Bc2 28. Nxb6 Bxd1 29. Nxc8 Rxc8 30. Rxd1 Rc2 31. f4 Rxb2 32. Bxd5 Nxd5 33. Rxd5
h5 34. Rxa5 g6 35. f5 Kg7 36. fxg6 fxg6 37. h4 Rc2 38. Kf1 Rb2 39. a4 Ra2 40.
Ke1 Kh6 41. Ra7 Rg2 42. a5 Rxg3 43. a6 Rg4 44. Ra8 Kg7 45. a7 Ra4 1/2-1/2

[Event "Agen_2017-Accession"]
[Site "Agen"]
[Date "2017.08.25"]
[Round "7.10"]
[White "Lacroix, Romain"]
[Black "Housieaux, David"]
[Result "1/2-1/2"]
[WhiteElo "2255"]
[BlackElo "2409"]
[PlyCount "186"]
[EventDate "2017.08.??"]
[EventType "swiss"]
[EventRounds "9"]
[EventCountry "FRA"]
[WhiteTeam "C.E.I. Toulouse"]
[BlackTeam "A.J.E. Noyon"]

1. d4 Nf6 2. Nf3 g6 3. Bf4 d6 4. h3 Bg7 5. e3 O-O 6. Be2 c5 7. c3 Be6 8. O-O
Qb6 9. Qc2 Rc8 10. Nbd2 cxd4 11. Nxd4 Bd5 12. Bh2 e5 13. Nb5 a6 14. Na3 Qc6 15.
Bf3 e4 16. Be2 b5 17. Qd1 Nbd7 18. Nc2 Qb6 19. Nb3 Bc4 20. Re1 d5 21. Qd4 a5
22. Qxb6 Nxb6 23. Nbd4 Na4 24. b3 Bxe2 25. bxa4 Bd3 26. axb5 Nd7 27. Rec1 Rxc3
28. Ne1 Rac8 29. Nxd3 exd3 30. Rd1 Nb6 31. Rab1 a4 32. Nc6 Bf8 33. Be5 Rc2 34.
Bd4 Nd7 35. Rxd3 Rxa2 36. Rc3 Re8 37. b6 Bd6 38. b7 Kf8 39. Nb4 Rd2 40. Rc8 a3
41. Nxd5 a2 42. Rbc1 f5 43. Nc7 Bxc7 44. R8xc7 Ke7 45. Rc8 Rd3 46. Kf1 Rb3 47.
R1c7 Kd6 48. Rc6+ Ke7 49. Ra8 Rxb7 50. Rxa2 Kf7 51. Ke2 f4 52. Ra5 fxe3 53.
fxe3 Re6 54. Rxe6 Kxe6 55. e4 Kf7 56. Ra6 Nf8 57. Rf6+ Ke7 58. Ra6 Ne6 59. Be3
Rd7 60. g4 Kf7 61. h4 Rc7 62. Kf3 Rc3 63. Ra7+ Rc7 64. Ra3 Rc4 65. Rd3 Rc7 66.
e5 Ke7 67. Ra3 Rc4 68. Ra7+ Rc7 69. Ra8 Kf7 70. Ra4 Ke7 71. Ke4 Rd7 72. Rc4 Rc7
73. Rb4 Rd7 74. Rb6 Rd1 75. Rb7+ Rd7 76. Rb2 Rc7 77. Ra2 Rd7 78. Bg5+ Nxg5+ 79.
hxg5 Rb7 80. Ra4 Rb1 81. Ra7+ Ke6 82. Ra6+ Ke7 83. Ra7+ Ke6 84. Rxh7 Rb4+ 85.
Kf3 Kxe5 86. Re7+ Kd5 87. Rf7 Rb6 88. Rf6 Re6 89. Kf4 Re4+ 90. Kf3 Re6 91. Rxe6
Kxe6 92. Ke4 Kd6 93. Kd4 Ke6 1/2-1/2

[Event "Agen_2017-Accession"]
[Site "Agen"]
[Date "2017.08.25"]
[Round "7.11"]
[White "Favarel, Julien"]
[Black "Pucher, Sebastien"]
[Result "1/2-1/2"]
[WhiteElo "2247"]
[BlackElo "2360"]
[PlyCount "90"]
[EventDate "2017.08.??"]
[EventType "swiss"]
[EventRounds "9"]
[EventCountry "FRA"]
[WhiteTeam "Bordeaux ASPOM Echecs"]
[BlackTeam "Club d'Echecs Metz Fischer"]

1. e4 c6 2. Nf3 d5 3. Nc3 Nf6 4. e5 Ne4 5. Ne2 Qb6 6. d4 e6 7. Ng3 c5 8. Bd3
Nc6 9. Nxe4 dxe4 10. Bxe4 cxd4 11. O-O Bc5 12. a3 a5 13. Bd3 Bd7 14. Qe2 Ne7
15. Bd2 a4 16. Ng5 h6 17. Ne4 Nd5 18. Qg4 g6 19. Nxc5 Qxc5 20. Rfe1 Bb5 21.
Bxb5+ Qxb5 22. Qxd4 Rc8 23. Rac1 Rc4 24. Qd3 O-O 25. Bxh6 Rfc8 26. c3 Qxb2 27.
Rb1 Qxc3 28. Qxc3 Rxc3 29. Rxb7 Rxa3 30. Ra7 Ra2 31. Bg5 Rcc2 32. Bh4 Rc4 33.
Bg3 Rac2 34. h4 Rc1 35. Rxc1 Rxc1+ 36. Kh2 Rc4 37. Kh3 Nc3 38. f4 Nb5 39. Ra8+
Kg7 40. Kg4 Nc3 41. Be1 Nd5 42. g3 Re4 43. Bf2 Rc4 44. Be1 Re4 45. Bf2 Rc4
1/2-1/2

[Event "Agen_2017-Accession"]
[Site "Agen"]
[Date "2017.08.25"]
[Round "7.12"]
[White "Pigeat, Alexandre"]
[Black "Dudognon, Thibault"]
[Result "0-1"]
[WhiteElo "2286"]
[BlackElo "2230"]
[PlyCount "84"]
[EventDate "2017.08.??"]
[EventType "swiss"]
[EventRounds "9"]
[EventCountry "FRA"]
[WhiteTeam "Esbarres Bonnencontre Echecs"]
[BlackTeam "CE Vitrolles"]

1. d4 d5 2. c4 c6 3. Nf3 Nf6 4. Qc2 dxc4 5. Qxc4 Bg4 6. Nbd2 Nbd7 7. e3 e6 8.
Bd3 Be7 9. O-O O-O 10. Ne5 Bh5 11. f4 Rc8 12. Be2 Bxe2 13. Qxe2 c5 14. Ndf3 Qc7
15. Bd2 Nxe5 16. fxe5 Ne4 17. Rac1 Qb6 18. Bc3 Rfd8 19. Kh1 h6 20. Qc2 cxd4 21.
exd4 Nxc3 22. bxc3 Rd7 23. c4 Qa6 24. d5 Rxd5 25. Qf2 Rd7 26. c5 Bxc5 27. Qh4
Rcd8 28. g4 Ba3 29. Rce1 Qc6 30. g5 hxg5 31. Qxg5 Rd1 32. Kg2 R8d2+ 33. Kg3
Rxe1 34. Rxe1 Rd3 35. Rf1 Qd5 36. h4 Bb2 37. Kg2 Bd4 38. h5 Qxa2+ 39. Kg3 Qd5
40. Kg2 Qe4 41. Kh2 Qe2+ 42. Qg2 Bxe5+ 0-1

[Event "Agen_2017-Accession"]
[Site "Agen"]
[Date "2017.08.25"]
[Round "7.13"]
[White "Sanchez, Louis"]
[Black "Gatineau, Yovann"]
[Result "1/2-1/2"]
[WhiteElo "2240"]
[BlackElo "2281"]
[PlyCount "112"]
[EventDate "2017.08.??"]
[EventType "swiss"]
[EventRounds "9"]
[EventCountry "FRA"]
[WhiteTeam "Clichy-Echecs-92"]
[BlackTeam "Mulhouse Philidor"]

1. Nf3 Nf6 2. c4 c5 3. Nc3 d5 4. cxd5 Nxd5 5. Qb3 Nb6 6. e3 Nc6 7. Bb5 Be6 8.
Qa3 c4 9. O-O g6 10. b3 cxb3 11. Ng5 Bd5 12. e4 e6 13. Qb2 Nc4 14. Qxb3 N4a5
15. Qa4 Bc4 16. Bxc4 Qxg5 17. d4 Qd8 18. d5 Nxc4 19. Qxc4 Ne5 20. Qb5+ Qd7 21.
Qe2 Rc8 22. dxe6 fxe6 23. Rd1 Qc6 24. Bf4 Bg7 25. Rac1 Nc4 26. Nd5 Kf7 27. Ne3
b5 28. a4 a6 29. axb5 axb5 30. Nxc4 bxc4 31. Rd6 Qb5 32. Qf3 Rhf8 33. Qh3 Rfe8
34. Rcd1 Re7 35. Qf3 Kg8 36. Qg4 Qh5 37. Rd8+ Rxd8 38. Rxd8+ Kf7 39. Qxh5 gxh5
40. Rc8 c3 41. e5 Rd7 42. g3 Rd5 43. Rxc3 Bxe5 44. Bxe5 Rxe5 45. h4 Ra5 46. Kg2
Kf6 47. Rc4 Rb5 48. Kf3 Ra5 49. Rf4+ Kg6 50. Ke4 Rb5 51. Rf8 Ra5 52. Rg8+ Kf6
53. Rh8 Kg6 54. Kf4 Rf5+ 55. Ke3 Rd5 56. Ke4 Rb5 1/2-1/2

[Event "Agen_2017-Accession"]
[Site "Agen"]
[Date "2017.08.25"]
[Round "7.14"]
[White "Touzane, Olivier"]
[Black "Bilquez, Romain"]
[Result "1/2-1/2"]
[WhiteElo "2264"]
[BlackElo "2219"]
[PlyCount "66"]
[EventDate "2017.08.??"]
[EventType "swiss"]
[EventRounds "9"]
[EventCountry "FRA"]
[WhiteTeam "Echecs Club Montpellier"]
[BlackTeam "Nogent le Roi"]

1. Nf3 Nf6 2. g3 g6 3. Bg2 Bg7 4. O-O O-O 5. c4 c6 6. b3 Ne4 7. d4 d5 8. Bb2
Nd7 9. cxd5 cxd5 10. Nc3 Nxc3 11. Bxc3 Nf6 12. Rc1 Ne4 13. Bb4 a5 14. Be1 Bh6
15. Rc2 Bf5 16. Nh4 Bd7 17. Nf3 Bf5 18. Ne5 Nf6 19. Nd3 Qb6 20. Rc5 Nd7 21. Rc2
Nf6 22. Qa1 Bxd3 23. exd3 Rfc8 24. Bc3 Qa6 25. Qd1 b5 26. Bd2 Bxd2 27. Qxd2
Rxc2 28. Qxc2 Rc8 29. Qb2 e6 30. Bf3 b4 31. h4 h5 32. Rd1 Qd6 33. Qd2 Rc3
1/2-1/2

[Event "Agen_2017-Accession"]
[Site "Agen"]
[Date "2017.08.25"]
[Round "7.15"]
[White "Vidal, Llewellyn"]
[Black "Micottis, Dorian"]
[Result "0-1"]
[WhiteElo "2247"]
[BlackElo "2271"]
[PlyCount "75"]
[EventDate "2017.08.??"]
[EventType "swiss"]
[EventRounds "9"]
[EventCountry "FRA"]
[WhiteTeam "Echecs Club Montpellier"]
[BlackTeam "Club d'Echecs Metz Fischer"]

1. c4 g6 2. Nc3 c5 3. g3 Bg7 4. Bg2 Nc6 5. Nf3 d6 6. O-O Bf5 7. d3 Qd7 8. Re1
Bh3 9. Bh1 h5 10. e4 Bg4 11. Qa4 Bxf3 12. Bxf3 h4 13. Nd5 Rc8 14. Bg2 hxg3 15.
hxg3 e6 16. Ne3 Nge7 17. Rb1 b6 18. Bd2 Nd4 19. Qd1 f5 20. exf5 gxf5 21. Nc2
Nec6 22. Nxd4 Nxd4 23. b4 Kf7 24. a4 cxb4 25. Rxb4 Nc6 26. Rb1 Bd4 27. Be3 Bxe3
28. Rxe3 e5 29. Bd5+ Kf6 30. f4 Qh7 31. Qf3 Qh2+ 32. Kf1 e4 33. Qg2 Qh1+ 34.
Qg1 Ne7 35. dxe4 Nxd5 36. cxd5 fxe4 37. Ree1 Rc2 38. Rb3 0-1

[Event "Agen_2017-Accession"]
[Site "Agen"]
[Date "2017.08.25"]
[Round "7.16"]
[White "Guidez, Yann-Michael"]
[Black "Feryn, Benjamin"]
[Result "1/2-1/2"]
[WhiteElo "2271"]
[BlackElo "2153"]
[PlyCount "82"]
[EventDate "2017.08.??"]
[EventType "swiss"]
[EventRounds "9"]
[EventCountry "FRA"]
[WhiteTeam "Echiquier Bordelais"]
[BlackTeam "L'Echiquier Cappellois"]

1. e4 e5 2. Nf3 Nc6 3. Bc4 Bc5 4. d3 Nf6 5. O-O d6 6. c3 O-O 7. Re1 Bb6 8. Bb3
Ne7 9. Nbd2 c6 10. d4 Ng6 11. h3 Re8 12. Nc4 exd4 13. Bg5 h6 14. Nxb6 axb6 15.
Bxf6 Qxf6 16. Qxd4 Qxd4 17. Nxd4 Be6 18. Rad1 Bxb3 19. axb3 Rad8 20. Nf5 d5 21.
exd5 Rxe1+ 22. Rxe1 Rxd5 23. Ne7+ Nxe7 24. Rxe7 Rd1+ 25. Kh2 Rd2 26. Rxb7 b5
27. c4 Rxf2 28. cxb5 cxb5 29. Rxb5 Rxb2 30. Kg3 g6 31. Kf3 Kg7 32. g3 Rc2 33.
Re5 g5 34. Re2 Rc5 35. b4 Rb5 36. Rb2 f5 37. Ke3 Kf6 38. Kd4 f4 39. g4 Rb8 40.
Kc5 Rc8+ 41. Kd5 Rd8+ 1/2-1/2

[Event "Agen_2017-Accession"]
[Site "Agen"]
[Date "2017.08.25"]
[Round "7.17"]
[White "Trouve, Guillaume"]
[Black "Meunier, Clement"]
[Result "0-1"]
[WhiteElo "2214"]
[BlackElo "2269"]
[PlyCount "94"]
[EventDate "2017.08.??"]
[EventType "swiss"]
[EventRounds "9"]
[EventCountry "FRA"]
[WhiteTeam "Mulhouse Philidor"]
[BlackTeam "Echiquier Orangeois"]

1. e4 e5 2. Nf3 Nc6 3. Bc4 Bc5 4. c3 Nf6 5. d3 a6 6. O-O Ba7 7. h3 O-O 8. Bb3
d5 9. Qe2 d4 10. cxd4 Nxd4 11. Nxd4 Bxd4 12. Kh1 Nd7 13. f4 Nc5 14. f5 Nxb3 15.
axb3 f6 16. Na3 Bd7 17. Rf3 Be8 18. g4 Bf7 19. h4 h6 20. Rg3 Bxb3 21. g5 hxg5
22. hxg5 Kf7 23. Nc2 Rh8+ 24. Kg2 c5 25. Ra3 c4 26. dxc4 Bxc2 27. Qxc2 Rc8 28.
b4 Rh5 29. g6+ Ke7 30. c5 a5 31. Qc4 Qg8 32. Qb5 b6 33. Qxb6 Qc4 34. Qa7+ Kd8
35. Qxa5+ Rc7 36. Qa8+ Ke7 37. Qa6 Qc2+ 38. Kf3 Qd1+ 39. Qe2 Qxc1 40. Ra6 Qf4+
41. Kg2 Qh4 42. Re6+ Kf8 43. Qe1 Qh2+ 44. Kf3 Rh4 45. Rg4 Rxg4 46. Kxg4 Bf2 47.
Qc3 Qh4+ 0-1

[Event "Agen_2017-Accession"]
[Site "Agen"]
[Date "2017.08.25"]
[Round "7.18"]
[White "Girardon, Jerome"]
[Black "Devallee, Jeremie"]
[Result "0-1"]
[WhiteElo "2160"]
[BlackElo "2258"]
[PlyCount "64"]
[EventDate "2017.08.??"]
[EventType "swiss"]
[EventRounds "9"]
[EventCountry "FRA"]
[WhiteTeam "Gueugnon Echecs"]
[BlackTeam "Chartres Metropole Echecs"]

1. e4 c5 2. Nf3 d6 3. b4 cxb4 4. a3 Nf6 5. axb4 Nxe4 6. Bb2 e6 7. c4 Nf6 8. d4
b6 9. Bd3 Be7 10. Nbd2 Bb7 11. Qc2 O-O 12. Rg1 Nc6 13. Bc3 a5 14. bxa5 bxa5 15.
g4 Nb4 16. Bxb4 axb4 17. Rb1 g6 18. h4 Ra3 19. Rb2 Qa8 20. Ng5 Rc3 21. Qb1 Qa3
22. Rg3 d5 23. Ke2 dxc4 24. Nxc4 Qa7 25. Bxg6 fxg6 26. Rxc3 bxc3 27. Rxb7 Qxd4
28. Qd3 Qxg4+ 29. f3 Qg2+ 30. Ke1 c2 31. Qe3 Qh1+ 32. Ke2 Qd1+ 0-1

[Event "Agen_2017-Accession"]
[Site "Agen"]
[Date "2017.08.25"]
[Round "7.19"]
[White "Le Goff, Ronan"]
[Black "Roselle, Tristan"]
[Result "1/2-1/2"]
[WhiteElo "2280"]
[BlackElo "2134"]
[PlyCount "90"]
[EventDate "2017.08.??"]
[EventType "swiss"]
[EventRounds "9"]
[EventCountry "FRA"]
[WhiteTeam "Echiquier de l'Erdre"]
[BlackTeam "AGJA-Echiquier Aquitaine"]

1. d4 d5 2. Nf3 Nf6 3. c4 e6 4. g3 Be7 5. Bg2 O-O 6. O-O dxc4 7. Qc2 a6 8. a4
Nc6 9. Qxc4 Na5 10. Qc2 b6 11. Rd1 Bb7 12. Nc3 Nd5 13. Na2 Nf6 14. b4 Be4 15.
Qb2 Nc4 16. Qb3 Bd5 17. Qd3 b5 18. Nd2 Nxd2 19. Bxd2 Bc4 20. Qf3 Rb8 21. a5
Qxd4 22. Bf4 Qb2 23. Rdb1 Qxe2 24. Qxe2 Bxe2 25. Bxc7 Rbc8 26. Be5 Nd5 27. Bxd5
exd5 28. Re1 Bf3 29. Re3 Be4 30. Nc3 Bxb4 31. Nxe4 dxe4 32. Rxe4 Rfe8 33. Rxb4
Rxe5 34. Rd4 Kf8 35. Rad1 Rec5 36. Kg2 R5c6 37. h4 g6 38. Rd7 R8c7 39. Rxc7
Rxc7 40. Rd6 Ra7 41. Kf3 Ke7 42. Rb6 Kd7 43. Ke4 Kc8 44. Kd5 Rd7+ 45. Kc5 Rc7+
1/2-1/2

[Event "Agen_2017-Accession"]
[Site "Agen"]
[Date "2017.08.25"]
[Round "7.20"]
[White "Viel, Simon"]
[Black "Fantinel, Thibault"]
[Result "1-0"]
[WhiteElo "2220"]
[BlackElo "2413"]
[PlyCount "65"]
[EventDate "2017.08.??"]
[EventType "swiss"]
[EventRounds "9"]
[EventCountry "FRA"]
[WhiteTeam "Echecs Plus de Cherbourg-Octeville"]
[BlackTeam "Echiquier Agenais"]

1. e4 c5 2. Nf3 Nc6 3. d4 cxd4 4. Nxd4 e5 5. Nb5 d6 6. N1c3 a6 7. Na3 Be7 8.
Nc4 b5 9. Ne3 Nf6 10. g3 h5 11. Bg2 h4 12. O-O h3 13. Bh1 O-O 14. f4 Qb6 15.
Rf2 Qd4 16. Qf3 Bd8 17. f5 Ne7 18. g4 Bb7 19. g5 Nh7 20. f6 Nxg5 21. Qg4 gxf6
22. Rxf6 Ng6 23. Qxg5 Kg7 24. Kf1 Bc8 25. Ncd5 Rh8 26. Nf5+ Bxf5 27. exf5 Qd1+
28. Kf2 Qxc2+ 29. Ke1 Ba5+ 30. Bd2 Bxd2+ 31. Qxd2 Qc4 32. fxg6 fxg6 33. Rc1 1-0

[Event "Agen_2017-Accession"]
[Site "Agen"]
[Date "2017.08.25"]
[Round "7.21"]
[White "Guignier, Nicolas"]
[Black "Le Ruyet, Leopold"]
[Result "1-0"]
[WhiteElo "2212"]
[BlackElo "2317"]
[PlyCount "89"]
[EventDate "2017.08.??"]
[EventType "swiss"]
[EventRounds "9"]
[EventCountry "FRA"]
[WhiteTeam "Avinkha Club d'Echecs"]
[BlackTeam "Echiquier de l'Erdre"]

1. e4 g6 2. d4 Bg7 3. Nc3 d6 4. Nf3 a6 5. Bc4 e6 6. O-O b5 7. Bb3 Bb7 8. Re1
Nd7 9. a4 b4 10. Ne2 Ngf6 11. Nf4 Qe7 12. a5 O-O 13. d5 Nc5 14. dxe6 Nxb3 15.
exf7+ Qxf7 16. Ng5 Qd7 17. cxb3 Rae8 18. e5 Rxe5 19. Rxe5 dxe5 20. Qxd7 Nxd7
21. Nfe6 h6 22. Nxf8 Bxf8 23. Nf3 Bd5 24. Be3 Bxb3 25. Nd2 Bd5 26. Rc1 c6 27.
f3 Kf7 28. Ne4 Ke6 29. Kf2 h5 30. h3 Be7 31. Bg5 Bd6 32. Bd8 Bb8 33. Bb6 Bd6
34. Ke3 Be7 35. Bc5 Nxc5 36. Nxc5+ Kd6 37. Ne4+ Ke6 38. Kd3 Bd8 39. Nc5+ Kd6
40. Nb7+ Kc7 41. Nxd8 Kxd8 42. Re1 Kd7 43. Rxe5 Bf7 44. Kd4 Kd6 45. Rg5 1-0

[Event "Agen_2017-Accession"]
[Site "Agen"]
[Date "2017.08.25"]
[Round "7.22"]
[White "Pottier, Simeon"]
[Black "Valuet, Bertrand"]
[Result "0-1"]
[WhiteElo "2006"]
[BlackElo "2310"]
[PlyCount "80"]
[EventDate "2017.08.??"]
[EventType "swiss"]
[EventRounds "9"]
[EventCountry "FRA"]
[WhiteTeam "Rois et Dames des Trois Cites"]
[BlackTeam "La tour de Juvisy"]

1. d4 Nf6 2. c4 g6 3. Nc3 Bg7 4. e4 d6 5. Nf3 O-O 6. Be2 e5 7. O-O Nc6 8. d5
Ne7 9. Ne1 Nd7 10. Be3 f5 11. f3 f4 12. Bf2 g5 13. Rc1 Rf6 14. Nd3 Rh6 15. c5
Qe8 16. Nb5 Qh5 17. h4 Ng6 18. g4 fxg3 19. Bxg3 Nf6 20. Nxc7 Rb8 21. cxd6 Nf4
22. Nxe5 Nxe4 23. d7 Bxd7 24. Bc4 Bxe5 25. d6+ Kh8 26. fxe4 Bg4 27. Qd5 Bg7 28.
d7 Nxd5 29. Nxd5 Bxd7 30. Bxb8 Qg4+ 31. Kf2 Bd4+ 32. Ke1 Qxe4+ 33. Kd2 Rxh4 34.
Rf8+ Kg7 35. Rg8+ Kxg8 36. Nf6+ Kg7 37. Nxe4 Rxe4 38. Rf1 Bf6 39. b3 a6 40. Kd3
Rh4 0-1

[Event "Agen_2017-Accession"]
[Site "Agen"]
[Date "2017.08.25"]
[Round "7.23"]
[White "Camus, Berenger"]
[Black "Muller, Anthony"]
[Result "0-1"]
[WhiteElo "2248"]
[BlackElo "2243"]
[PlyCount "120"]
[EventDate "2017.08.??"]
[EventType "swiss"]
[EventRounds "9"]
[EventCountry "FRA"]
[WhiteTeam "Reims Echec et Mat"]
[BlackTeam "Le Champ du Fou "]

1. d4 d5 2. c4 c6 3. Nc3 Nf6 4. Nf3 e6 5. Bg5 Nbd7 6. e3 Qa5 7. Nd2 Bb4 8. Qc2
O-O 9. Be2 c5 10. Bxf6 Nxf6 11. Nb3 Bxc3+ 12. Qxc3 Qxc3+ 13. bxc3 cxd4 14. cxd4
dxc4 15. Bxc4 Bd7 16. Rc1 Rfc8 17. f3 Rc7 18. Kd2 Rac8 19. Bd3 Kf8 20. e4 Ke7
21. Rxc7 Rxc7 22. Rb1 b6 23. Rc1 Rxc1 24. Nxc1 Ne8 25. Ne2 Nc7 26. Nc3 h6 27.
f4 Bc6 28. g4 f6 29. f5 e5 30. d5 Bd7 31. h4 Kd6 32. Nd1 Kc5 33. Kc3 b5 34. a3
a5 35. Nb2 Ne8 36. Bc2 b4+ 37. axb4+ axb4+ 38. Kb3 Nd6 39. Nd3+ Kd4 40. Nf2 Ke3
41. Nd1+ Kf4 42. Kxb4 h5 43. Kc5 Nxe4+ 44. Bxe4 Kxe4 45. Kd6 hxg4 46. Nc3+ Kf3
47. Kxd7 g3 48. Ke8 g2 49. d6 g1=Q 50. d7 Qc5 51. d8=Q Qxc3 52. Kf8 e4 53. Qd1+
Kf4 54. Kxg7 Kxf5 55. Qd5+ Qe5 56. Qxe5+ fxe5 57. h5 e3 58. h6 e2 59. h7 e1=Q
60. h8=Q Qg1+ 0-1

[Event "Agen_2017-Accession"]
[Site "Agen"]
[Date "2017.08.25"]
[Round "7.24"]
[White "Coiffait, Pierre-Basile"]
[Black "Giacomini, Hector"]
[Result "1-0"]
[WhiteElo "2230"]
[BlackElo "2226"]
[PlyCount "67"]
[EventDate "2017.08.??"]
[EventType "swiss"]
[EventRounds "9"]
[EventCountry "FRA"]
[WhiteTeam "Cannes Echecs"]
[BlackTeam "Echiquier Tourangeau"]

1. e4 e6 2. d4 d5 3. Nd2 dxe4 4. Nxe4 Nd7 5. Nf3 Ngf6 6. Ng3 c5 7. c3 b6 8. Be2
Bb7 9. O-O Qc7 10. Qa4 Bd6 11. dxc5 bxc5 12. Re1 O-O 13. Nd2 Ne5 14. Qc2 Qc6
15. Bf1 c4 16. Nde4 Nxe4 17. Qxe4 Qc7 18. Qc2 f5 19. Kh1 Rae8 20. Bf4 Nd3 21.
Bxd6 Qxd6 22. Bxd3 cxd3 23. Qd2 e5 24. f4 exf4 25. Rxe8 Rxe8 26. Nxf5 Qd5 27.
Nh4 Re2 28. Qxf4 g5 29. Qb8+ Kg7 30. Rf1 Qxg2+ 31. Nxg2 Bxg2+ 32. Kg1 d2 33.
Qf8+ Kg6 34. Qf7+ 1-0

[Event "Agen_2017-Accession"]
[Site "Agen"]
[Date "2017.08.25"]
[Round "7.25"]
[White "Aumont, Alexandre"]
[Black "Favarel, Antoine"]
[Result "1-0"]
[WhiteElo "2205"]
[BlackElo "2388"]
[PlyCount "65"]
[EventDate "2017.08.??"]
[EventType "swiss"]
[EventRounds "9"]
[EventCountry "FRA"]
[WhiteTeam "La Cavale du Fou"]
[BlackTeam "L'Echiquier Chalonnais"]

1. e4 c5 2. Nc3 Nc6 3. g3 g6 4. Bg2 Bg7 5. d3 d6 6. Be3 e5 7. Nh3 Nge7 8. Qd2
Nd4 9. Qd1 b5 10. O-O Rb8 11. f3 O-O 12. Qd2 f6 13. Nd1 b4 14. c3 bxc3 15. bxc3
Ndc6 16. Nhf2 Be6 17. Bh3 Bxh3 18. Nxh3 Qd7 19. Nhf2 Rb7 20. Bh6 Rfb8 21. Bxg7
Kxg7 22. Ng4 Ng8 23. Nge3 h5 24. f4 Nge7 25. Nc4 Rb1 26. Rxb1 Rxb1 27. Qc2 Rb7
28. Qf2 f5 29. Nde3 Rb8 30. fxe5 dxe5 31. exf5 gxf5 32. Qe2 Kg6 33. Ng2 1-0

[Event "Agen_2017-Accession"]
[Site "Agen"]
[Date "2017.08.25"]
[Round "7.26"]
[White "Ollier, Milan"]
[Black "Mancini, Mario"]
[Result "1-0"]
[WhiteElo "2253"]
[BlackElo "2199"]
[PlyCount "143"]
[EventDate "2017.08.??"]
[EventType "swiss"]
[EventRounds "9"]
[EventCountry "FRA"]
[WhiteTeam "Echiquier Médocain"]
[BlackTeam "Cercle d'Echecs de Villepinte"]

1. e4 c5 2. Nf3 e6 3. d4 cxd4 4. Nxd4 a6 5. Nc3 Qc7 6. Be2 b5 7. a3 Bb7 8. f4
Nc6 9. Nxc6 Bxc6 10. O-O Bc5+ 11. Kh1 Nf6 12. Bf3 O-O 13. e5 Ne8 14. Ne4 Be7
15. b3 f5 16. Ng3 Rc8 17. Bb2 d5 18. Ne2 Bd7 19. Nd4 g6 20. Qd2 Ng7 21. g3 a5
22. b4 Ra8 23. c3 a4 24. Be2 Rab8 25. Rac1 Qb7 26. Rc2 Ne8 27. Bd3 Nc7 28. Qe2
Qc8 29. h3 Qe8 30. Rf2 Rf7 31. Kg1 Rg7 32. Rg2 Qf7 33. Qf3 Kf8 34. Kf1 Ke8 35.
g4 Kd8 36. Rg1 Bf8 37. Rcg2 Kc8 38. Ke2 Rb6 39. gxf5 gxf5 40. Rxg7 Bxg7 41. Qg3
Bf8 42. Qg8 Be8 43. Bc1 Rb8 44. Be3 Kb7 45. Qxf7 Bxf7 46. Nxb5 Nxb5 47. Bxb5
Ra8 48. c4 dxc4 49. Bxc4 Rc8 50. Rc1 Rc6 51. Bb5 Bh5+ 52. Ke1 Rxc1+ 53. Bxc1
Bf3 54. Bxa4 Kc7 55. Kf2 Bd5 56. Bc2 Be7 57. Kg3 Kb6 58. Bd3 Bb3 59. Be3+ Kc6
60. Kf2 Bh4+ 61. Ke2 Bd5 62. b5+ Kb7 63. a4 Bd8 64. Bd2 Bg2 65. a5 Bxh3 66. Bc4
Bg4+ 67. Kf2 Bh4+ 68. Kg2 Bd1 69. Bxe6 Bc2 70. Bd5+ Kb8 71. a6 Bd3 72. Be3 1-0

[Event "Agen_2017-Accession"]
[Site "Agen"]
[Date "2017.08.25"]
[Round "7.27"]
[White "Tomasi, Albert"]
[Black "Lever, Erwan"]
[Result "1-0"]
[WhiteElo "2229"]
[BlackElo "2134"]
[PlyCount "83"]
[EventDate "2017.08.??"]
[EventType "swiss"]
[EventRounds "9"]
[EventCountry "FRA"]
[WhiteTeam "Echecs-Club Ajaccien"]
[BlackTeam "C.E.I. Toulouse"]

1. e4 c5 2. Nf3 d6 3. d4 cxd4 4. Nxd4 Nf6 5. Nc3 a6 6. g3 e5 7. Nde2 b5 8. Nd5
Bb7 9. Nec3 Nbd7 10. Bg2 Nxd5 11. Nxd5 Nb6 12. Bg5 Qxg5 13. Nxb6 Rb8 14. a4
bxa4 15. Rxa4 Be7 16. h4 Qh6 17. O-O O-O 18. b3 Qe6 19. Qd3 Bd8 20. Nd5 a5 21.
Rd1 Bc6 22. Raa1 g6 23. Ne3 Bc7 24. Qc3 Qd7 25. Nc4 Rfe8 26. Nxa5 Bb5 27. Bf1
Bxf1 28. Kxf1 Bb6 29. Qd3 Qh3+ 30. Ke2 Re6 31. Qf3 f5 32. Rh1 fxe4 33. Qxe4 Qf5
34. Qxf5 gxf5 35. Nc4 Bc5 36. Rhd1 Rf8 37. c3 f4 38. b4 fxg3 39. bxc5 Rxf2+ 40.
Ke3 dxc5 41. Rg1 Rg6 42. Nxe5 1-0

[Event "Agen_2017-Accession"]
[Site "Agen"]
[Date "2017.08.25"]
[Round "7.28"]
[White "O'Sullivan, Thomas"]
[Black "Boyer, Mahel"]
[Result "1-0"]
[WhiteElo "2238"]
[BlackElo "2207"]
[PlyCount "83"]
[EventDate "2017.08.??"]
[EventType "swiss"]
[EventRounds "9"]
[EventCountry "FRA"]
[WhiteTeam "Cercle d'Echecs de Villepinte"]
[BlackTeam "Echiquier Nîmois"]

1. d4 Nf6 2. c4 c5 3. d5 e6 4. Nc3 exd5 5. cxd5 d6 6. e4 g6 7. Nge2 Bg7 8. Ng3
O-O 9. Be2 Re8 10. O-O a6 11. a4 Nbd7 12. Bg5 h6 13. Be3 h5 14. f3 h4 15. Nh1
Ne5 16. Nf2 Rb8 17. f4 Ned7 18. Qd2 Qe7 19. Rae1 Nxe4 20. Ncxe4 f5 21. Bd3 fxe4
22. Nxe4 Nf8 23. Bf2 Qd8 24. Ng5 h3 25. gxh3 Rxe1 26. Rxe1 Qf6 27. Re8 b5 28.
axb5 axb5 29. Ne4 Qxb2 30. Qxb2 Bxb2 31. Nxd6 c4 32. Bxg6 Kg7 33. Bf5 Ba3 34.
Bd4+ Kg8 35. Nxc8 Kf7 36. Rd8 Be7 37. Nd6+ Bxd6 38. Rxd6 b4 39. Rc6 b3 40. Rc7+
Ke8 41. Rxc4 b2 42. Bb1 1-0

[Event "Agen_2017-Accession"]
[Site "Agen"]
[Date "2017.08.25"]
[Round "7.29"]
[White "De Lussac, Rainier"]
[Black "Flachet, Thierry"]
[Result "1-0"]
[WhiteElo "2149"]
[BlackElo "2104"]
[PlyCount "39"]
[EventDate "2017.08.??"]
[EventType "swiss"]
[EventRounds "9"]
[EventCountry "FRA"]
[WhiteTeam "Chevau-légers de la Choisille"]
[BlackTeam "Cercle d'échecs des Sables d'Olonne"]

1. d4 d5 2. c4 c6 3. Nf3 Nf6 4. Qc2 g6 5. Bf4 Nh5 6. Bg5 h6 7. Bh4 g5 8. Bg3
Nxg3 9. hxg3 Bg7 10. e3 e6 11. Nc3 Nd7 12. g4 b6 13. e4 dxe4 14. Nxe4 Nf6 15.
O-O-O Bb7 16. Bd3 Nxg4 17. c5 O-O 18. Nexg5 hxg5 19. Bh7+ Kh8 20. Bg8+ 1-0

[Event "Agen_2017-Accession"]
[Site "Agen"]
[Date "2017.08.25"]
[Round "7.30"]
[White "Pottier, Alexandre"]
[Black "Suez-Panama, Gilles"]
[Result "0-1"]
[WhiteElo "2127"]
[BlackElo "2078"]
[PlyCount "128"]
[EventDate "2017.08.??"]
[EventType "swiss"]
[EventRounds "9"]
[EventCountry "FRA"]
[WhiteTeam "C.E. de Rueil Malmaison"]
[BlackTeam "Arsenal"]

1. Nf3 Nf6 2. b3 g6 3. Bb2 Bg7 4. e4 d6 5. d3 Nc6 6. Nbd2 e5 7. g3 O-O 8. Bg2
Bg4 9. h3 Bd7 10. O-O h5 11. c3 Qe7 12. d4 Nh7 13. dxe5 dxe5 14. Nc4 Rfd8 15.
Qe2 Ng5 16. Nxg5 Qxg5 17. Bc1 Qf6 18. h4 Qe6 19. Ne3 Ne7 20. Ba3 c6 21. Rad1
Be8 22. Qc4 Rxd1 23. Rxd1 Nc8 24. Qxe6 fxe6 25. Bh3 Kf7 26. Nc4 Bf6 27. f4 exf4
28. e5 Be7 29. Nd6+ Bxd6 30. exd6 Nb6 31. c4 Bd7 32. gxf4 Re8 33. Bc5 Nc8 34.
Bd4 b6 35. b4 c5 36. bxc5 bxc5 37. Bxc5 Nb6 38. Bxb6 axb6 39. Kf2 Ra8 40. Rd2
Kf6 41. Rb2 Ra3 42. Rb3 Rxa2+ 43. Ke3 Rh2 44. Kd4 Rd2+ 45. Rd3 Rh2 46. c5 bxc5+
47. Kxc5 Rc2+ 48. Kb6 Rc6+ 49. Kb7 Rc4 50. Ra3 Rc6 51. Ra6 Rc3 52. Bf1 Bc8+ 53.
Kb6 Bxa6 54. Bxa6 Rc2 55. d7 Ke7 56. Bd3 Rc3 57. Bxg6 Kxd7 58. Bxh5 Rh3 59. Bg6
Rxh4 60. f5 e5 61. Kc5 Ke7 62. Kd5 Kf6 63. Kc5 Rd4 64. Bh7 Rd8 0-1